Southville International School and Colleges
Your cart is empty.
  • Cart
  • Lists
    Public lists Eva Luna New books Lux_list list_1
    Your lists Log in to create your own lists
  • Log in to your account
  • Your cookies
  • Search history
Southville International School and Colleges
  • Advanced search
  • Recent comments
  • Most popular
  • Libraries

Log in to your account

Log in with GOOGLE


If you do not have an external account, but do have a local account, you can still log in:

  1. Home
  2. MARC view: The effect of Citrofortunella microcarpa and alum on the growth of Staphylococcus aureus /
Normal view MARC view ISBD view

The effect of Citrofortunella microcarpa and alum on the growth of Staphylococcus aureus / (Record no. 288690)

[ view plain ]
MARC details
000 -LEADER
fixed length control field 00974nam a22002297a 4500
003 - CONTROL NUMBER IDENTIFIER
control field 0
005 - DATE AND TIME OF LATEST TRANSACTION
control field 20250129103025.0
008 - FIXED-LENGTH DATA ELEMENTS--GENERAL INFORMATION
fixed length control field 150918b xxu||||| |||| 00| 0 eng d
050 ## - LIBRARY OF CONGRESS CALL NUMBER
Classification number PGS QR 201.S8
Item number .J83 2015
100 ## - MAIN ENTRY--PERSONAL NAME
Personal name Jose, Kyela Julienne F.
245 ## - TITLE STATEMENT
Title The effect of Citrofortunella microcarpa and alum on the growth of Staphylococcus aureus /
Statement of responsibility, etc Kyela Julienne F. Jose.
260 ## - PUBLICATION, DISTRIBUTION, ETC. (IMPRINT)
Place of publication, distribution, etc Las Piñas City, Philippines :
Name of publisher, distributor, etc Southville International School and Colleges,
Date of publication, distribution, etc 2015.
300 ## - PHYSICAL DESCRIPTION
Extent 23 pages.;
Other physical details col. ill. ;
Dimensions 28 cm.
Type of unit PASS
504 ## - BIBLIOGRAPHY, ETC. NOTE
Bibliography, etc Includes bibliographical references.
650 ## - SUBJECT ADDED ENTRY--TOPICAL TERM
Source of heading or term Library of Congress Subject Headings
Topical term or geographic name as entry element Staphylococcus aureus
Form subdivision Growth.
650 ## - SUBJECT ADDED ENTRY--TOPICAL TERM
Source of heading or term Library of Congress Subject Headings
Topical term or geographic name as entry element Citrofortunella microcarpa
650 ## - SUBJECT ADDED ENTRY--TOPICAL TERM
Source of heading or term Library of Congress Subject Headings
Topical term or geographic name as entry element Antimicrobial agents.
650 ## - SUBJECT ADDED ENTRY--TOPICAL TERM
Topical term or geographic name as entry element Alum
Form subdivision Pharmacological properties.
650 ## - SUBJECT ADDED ENTRY--TOPICAL TERM
Topical term or geographic name as entry element Antimicrobial activity of plants.
650 ## - SUBJECT ADDED ENTRY--TOPICAL TERM
Topical term or geographic name as entry element Microbiology.
942 ## - ADDED ENTRY ELEMENTS (KOHA)
Source of classification or shelving scheme Library of Congress Classification
Koha item type PASS
Holdings
Withdrawn status Lost status Source of classification or shelving scheme Damaged status Not for loan Home library Current library Shelving location Date acquired Source of acquisition Total Checkouts Full call number Barcode Date last seen Price effective from Koha item type Public note
    Library of Congress Classification   Not For Loan Luxembourg Library Luxembourg Library Portfolio Assessment of SISC Students Section 09/18/2015 Donation   PGS QR 201.S8 .J83 2015 P3425 07/25/2017 09/18/2015 PASS Be Amazing, Be Southville!

The effect of Citrofortunella microcarpa and alum on the growth of Staphylococcus aureus /

APA

Jose K. J. F., . (2015). The effect of Citrofortunella microcarpa and alum on the growth of Staphylococcus aureus. Las Piñas City, Philippines: Southville International School and Colleges.

Chicago

Jose Kyela Julienne F, . 2015. The effect of Citrofortunella microcarpa and alum on the growth of Staphylococcus aureus. Las Piñas City, Philippines: Southville International School and Colleges.

Harvard

Jose K. J. F., . (2015). The effect of Citrofortunella microcarpa and alum on the growth of Staphylococcus aureus. Las Piñas City, Philippines: Southville International School and Colleges.

MLA

Jose Kyela Julienne F, . The effect of Citrofortunella microcarpa and alum on the growth of Staphylococcus aureus. Las Piñas City, Philippines: Southville International School and Colleges. 2015.

  • Print
  • Cite
  • Add to your cart (remove)
  • Save record
    BIBTEX Dublin Core MARCXML MARC (non-Unicode/MARC-8) MARC (Unicode/UTF-8) MARC (Unicode/UTF-8, Standard) MODS (XML) RIS
  • More searches
    Search for this title in:
    Other Libraries (WorldCat) Other Databases (Google Scholar) Online Stores (Bookfinder.com) Open Library (openlibrary.org)

Exporting to Dublin Core...

SOUTHVILLE LIBRARY

Southville International School and Colleges Library

1281 Tropical Ave. Cor. Luxembourg St., BF Homes International, Las Pinas City

Tel. No. 8256374 / 252358 Loc. 117/146

Powered by Koha